There's a carnival today / (Record no. 151942)

MARC details
000 -LEADER
fixed length control field 00536nam a22001817a 4500
005 - DATE AND TIME OF LATEST TRANSACTION
control field 20180508165202.0
010 ## - LCCN (DPL NO)
LC control number ENG-123007
020 ## - INTERNATIONAL STANDARD BOOK NUMBER
Terms of availability 350.00
International Standard Book Number 9789386702319
035 ## - SYSTEM CONTROL NUMBER
System control number EN-106539
037 ## - SOURCE OF ACQUISITION
Stock number DBAD/PUB.
082 ## - DEWEY DECIMAL CLASSIFICATION NUMBER
Classification number N
100 ## - MAIN ENTRY--PERSONAL NAME
Personal name Rai, Indra Bahadur
245 ## - TITLE STATEMENT
Title There's a carnival today /
Statement of responsibility, etc by Indra Bahadur Rai ; translated by Manjushree Thapa
260 ## - PUBLICATION, DISTRIBUTION, ETC. (IMPRINT)
Place of publication, distribution, etc New Delhi
Name of publisher, distributor, etc Speaking Tiger
Date of publication, distribution, etc 2017
270 ## - ADDRESS
Address 4381/4, Ansari Road, Daryaganj
City New Delhi
Postal code 110002
300 ## - PHYSICAL DESCRIPTION
Extent 236p.
Other physical details 21cm(pbk)
942 ## - ADDED ENTRY ELEMENTS (KOHA)
Source of classification or shelving scheme Dewey Decimal Classification
Item type English Books
Classification part N
Call number suffix RAI
Holdings
Withdrawn status Lost status Not for loan Collection code Home library Current library Date acquired Cost, normal purchase price Full call number Barcode Copy number Cost, replacement price Koha item type
    Not For Loan Non-fiction D.B.Act.Division Sarojini Nagar 08/05/2018 350.00 N RAI EN-106539 1 350.00 English Books

© Delhi Public Library
Hit Counter
free hit counter